000 00621nam a2200241 i 4500
001 C2-0302336
003 PPAK
005 20180728083409.0
008 100121s2004 nyua|||| ||||| | eng d
020 _a0394896114
040 _aPPAK
_beng
_cPPAK
_erda
082 0 4 _a823
_223
090 0 0 _a823
_bWHE
_dLCK
100 1 _aWhelan, Gloria,
_eauthor
245 1 0 _aSilver
264 1 _aNew York :
_bRandom House ,
_c2004
300 _a58 pages :
_billustrations ;
_c19 cm
336 _2rdacontent
_atext
337 _2rdamedia
_aunmediated
338 _2rdacarrier
_avolume
650 1 0 _aDogs-Fiction
942 _ddc
_cB
999 _c106000
_d106000